|
|
|
|
| LEADER |
02182nam a2200517Ia 4500 |
| 001 |
EBC180708 |
| 003 |
MiAaPQ |
| 005 |
20200520144314.0 |
| 006 |
m o d | |
| 007 |
cr cn||||||||| |
| 008 |
010622s2002 enka sb 101 0 eng d |
| 010 |
|
|
|z 2001041839
|
| 015 |
|
|
|a GBA1-U9282
|
| 020 |
|
|
|z 0415270537 (alk. paper)
|
| 035 |
|
|
|a (MiAaPQ)EBC180708
|
| 035 |
|
|
|a (Au-PeEL)EBL180708
|
| 035 |
|
|
|a (CaPaEBR)ebr10016851
|
| 035 |
|
|
|a (CaONFJC)MIL6862
|
| 035 |
|
|
|a (OCoLC)475888301
|
| 040 |
|
|
|a MiAaPQ
|c MiAaPQ
|d MiAaPQ
|
| 050 |
|
4 |
|a HD5710.7
|b .M85 2002
|
| 082 |
0 |
4 |
|a 338.8/8
|2 21
|
| 245 |
0 |
0 |
|a Multinational firms and impacts on employment, trade, and technology
|h [electronic resource] :
|b new perspectives for a new century /
|c edited by Robert E. Lipsey and Jean-Louis Mucchielli.
|
| 260 |
|
|
|a London ;
|a New York :
|b Routledge,
|c 2002.
|
| 300 |
|
|
|a xv, 272 p. :
|b ill.
|
| 490 |
1 |
|
|a Studies in global competition
|
| 500 |
|
|
|a "This book is the first volume of a collection selected papers from a conference held in la Sorbonne, Paris"--Acknowledgments.
|
| 504 |
|
|
|a Includes bibliographical references and index.
|
| 533 |
|
|
|a Electronic reproduction. Ann Arbor, MI : ProQuest, 2015. Available via World Wide Web. Access may be limited to ProQuest affiliated libraries.
|
| 650 |
|
0 |
|a Foreign trade and employment
|v Congresses.
|
| 650 |
|
0 |
|a International business enterprises
|v Congresses.
|
| 650 |
|
0 |
|a Investments, Foreign
|v Congresses.
|
| 650 |
|
0 |
|a International division of labor
|v Congresses.
|
| 650 |
|
0 |
|a Employees
|x Effect of technological innovations on
|v Congresses.
|
| 650 |
|
0 |
|a Unemployment
|v Congresses.
|
| 650 |
|
0 |
|a Labor economics
|v Congresses.
|
| 650 |
|
0 |
|a Industrial policy
|v Congresses.
|
| 650 |
|
0 |
|a Economic policy
|v Congresses.
|
| 650 |
|
0 |
|a Full employment policies
|v Congresses.
|
| 650 |
|
0 |
|a Globalization
|x Economic aspects
|v Congresses.
|
| 655 |
|
4 |
|a Electronic books.
|
| 700 |
1 |
|
|a Lipsey, Robert E.
|
| 700 |
1 |
|
|a Mucchielli, Jean Louis.
|
| 710 |
2 |
|
|a ProQuest (Firm)
|
| 830 |
|
0 |
|a Studies in global competition.
|
| 856 |
4 |
0 |
|u https://ebookcentral.proquest.com/lib/matrademy/detail.action?docID=180708
|z Click to View
|